Controlled release systems /

Bibliographic Details
Other Authors: Chandrasekaran, S. K., Anderson, J. M. (Jonathan Michael), 1943-
Format: Book
Language:English
Published: New York : American Institute of Chemical Engineers, [1981]
Series:AIChE symposium series ; no. 206, v. 77.
Subjects:

MARC

Tag First Indicator Second Indicator Subfields
LEADER 00000cam a22000008a 4500
001 in00000097713
005 20160108111458.0
008 810826s1981 nyua 10000 eng
010 |a  81014840   |z 81-8019 
020 |a 081690202X 
035 |a (OCoLC)07795428 
035 |9 AAK9338AM 
039 0 |a 2  |b 3  |c 3  |d 3  |e 3 
040 |a DLC  |c DLC  |d TXA  |d UtOrBLW 
049 |a TXAM  |c [933382] 
050 0 0 |a TP156 C64  |b  C66 
082 0 |a 660.2/842  |2 19 
245 0 0 |a Controlled release systems /  |c S.K. Chandrasekaran, editor; J.M. Anderson [and others]. 
263 |a 8106 
264 1 |a New York :  |b American Institute of Chemical Engineers,  |c [1981] 
300 |a 85 pages :  |b illustrations ;  |c 28 cm. 
336 |a text  |b txt  |2 rdacontent 
337 |a unmediated  |b n  |2 rdamedia 
338 |a volume  |b nc  |2 rdacarrier 
490 1 |a AIChE symposium series,  |x 0065-8812 ;  |v no. 206, v. 77, 1981 
650 0 |a Controlled release technology  |x Congresses. 
700 1 |a Chandrasekaran, S. K. 
700 1 |a Anderson, J. M.  |q (Jonathan Michael),  |d 1943- 
830 0 |a AIChE symposium series ;  |v no. 206, v. 77. 
999 |a MARS 
999 f f |s 7e277dcc-bfab-3a81-9a5f-fa5048fea766  |i 8accb43d-0175-3b2f-b978-4c9bdd6d706c  |t 0 
952 f f |p ric  |a Texas A&M University  |b Rellis Campus  |c Joint Library Facility  |d Remote Storage  |t 0  |e TP156 C64 C66  |h Library of Congress classification  |i unmediated -- volume  |m A14806020801 
998 f f |a TP156 C64 C66  |t 0  |l Remote Storage